Dôležité sú možnosti ďalšej spolupráce s Pavlom Smetanom o zlučovaní trhových podielov v kolektívnom investovaní
S predsedom predstavenstva IAD Investments, Pavlom Smetanom, nielen o spájaní síl v kolektívnom investovaní. Komunikácia s útvarmi akcionára v zahraničí. Okolité trhy a hľadanie príležitostí na ďalšie fúzie.
Salvato in:
| Autore principale: | |
|---|---|
| Natura: | Capitolo di libro |
| Lingua: | slovacco |
| Soggetti: | |
| Tags: |
Nessun Tag, puoi essere il primo ad aggiungerne!!
|
MARC
| LEADER | 00000naa$a2200000$$$4500 | ||
|---|---|---|---|
| 001 | 0112118 | ||
| 005 | 20240502072237.5 | ||
| 041 | 0 | |a slo | |
| 044 | |a SK | ||
| 245 | 1 | 0 | |a Dôležité sú možnosti ďalšej spolupráce |b s Pavlom Smetanom o zlučovaní trhových podielov v kolektívnom investovaní |c Pavel Škriniar |
| 520 | |a S predsedom predstavenstva IAD Investments, Pavlom Smetanom, nielen o spájaní síl v kolektívnom investovaní. Komunikácia s útvarmi akcionára v zahraničí. Okolité trhy a hľadanie príležitostí na ďalšie fúzie. | ||
| 610 | 2 | 0 | |a trh finančný |
| 610 | 2 | 0 | |a investovanie kolektívne |
| 610 | 2 | 0 | |a spoločnosti správcovské |
| 610 | 2 | 0 | |a fúzie |
| 610 | 2 | 0 | |a manažment |
| 610 | 2 | 0 | |a banky |
| 610 | 2 | 0 | |a akcionári |
| 100 | 1 | |a Škriniar, Pavel, 1979- | |